000 00573cam a2200205ua 4500
001 11617
005 20260515114757.0
008 191012n ii |||gr||||Z||||||asm
020 _a9789381069492
040 _cMAIN
082 _a891.4513
100 _a Aparajita Baruah . ,
_eAuthor.
245 _aAranyar hafalot bank 96 :
_bA novel based on real incident /
_cBy Aparajita Baruah .
250 _a1st ed.
260 _aguwahati:
_bAlibaat,
_c2014.
300 _a176p.
653 _aEast Indo-European & Celtic literatures
653 _aAssamese novel
942 _cBK
999 _c10421
_d10421